[Event "SVK-chT2B 0708"]
[Site "Slovakia"]
[Date "2008.02.03"]
[Round "9.5"]
[White "Valach, Boris"]
[Black "Izak, Milan"]
[Result "1-0"]
[WhiteElo "2098"]
[BlackElo "1885"]
[PlyCount "83"]
[EventDate "2007.10.06"]
[EventType "team-tourn"]
[EventRounds "11"]
[EventCountry "SVK"]
[SourceTitle "EXT 2010"]
[Source "ChessBase"]
[SourceDate "2010.11.25"]
[SourceVersion "1"]
[SourceVersionDate "2010.11.25"]
[SourceQuality "1"]
[WhiteTeam "Partizanske SK Neomax"]
[BlackTeam "Sala Slovan Duslo"]
[WhiteTeamCountry "SVK"]
[BlackTeamCountry "SVK"]

1. e4 c5 2. Nf3 d6 3. d4 cxd4 4. Nxd4 Nf6 5. Nc3 a6 6. Be2 e5 7. Nb3 Be7 8. Be3 Be6 9. 0-0 Nbd7 10. a4 Rc8 11. a5 Rxc3 12. bxc3 Nxe4 13. Bf3 Ndf6 14. Qd3 Bf5 15. Rfe1 Qc8 16. Bd2 d5 17. Bxe4 Bxe4 18. Qg3 Qc7 19. f3 Bxc2 20. Nd4 Bg6 21. Qxe5 Qxe5 22. Rxe5 Kd7 23. Ra2 Bc5 24. Rb2 Bxd4+ 25. cxd4 Rb8 26. Bf4 Kc6 27. Rb6+ Kd7 28. Re3 Re8 29. Rxb7+ Kc8 30. Rc7+ Kd8 31. Rxe8+ Kxe8 32. Be5 Bd3 33. Bxf6 gxf6 34. Kf2 Bc4 35. Ke3 Kf8 36. Kf4 Kg7 37. h4 h5 38. Ke3 Bf1 39. g3 Bc4 40. Kf4 Kg6 41. Rc5 Bd3 42. g4 1-0

[Event "SVK-chT2B 0708"]
[Site "Slovakia"]
[Date "2007.10.07"]
[Round "2.5"]
[White "Mesaros, Jan"]
[Black "Valach, Boris"]
[Result "1/2-1/2"]
[WhiteElo "1955"]
[BlackElo "2098"]
[PlyCount "97"]
[EventDate "2007.10.06"]
[EventType "team-tourn"]
[EventRounds "11"]
[EventCountry "SVK"]
[SourceTitle "EXT 2010"]
[Source "ChessBase"]
[SourceDate "2010.11.25"]
[SourceVersion "1"]
[SourceVersionDate "2010.11.25"]
[SourceQuality "1"]
[WhiteTeam "Tlmace SK"]
[BlackTeam "Partizanske SK Neomax"]
[WhiteTeamCountry "SVK"]
[BlackTeamCountry "SVK"]

1. c4 e6 2. Nf3 d5 3. cxd5 exd5 4. d4 Nf6 5. Bg5 Be7 6. e3 0-0 7. Be2 c6 8. 0-0 Bf5 9. Nc3 Nbd7 10. Rc1 Re8 11. a3 a5 12. Re1 Ne4 13. Nxe4 Bxe4 14. Bf4 Qb6 15. Qd2 Nf8 16. Ne5 f6 17. Nd3 Ne6 18. Bg3 a4 19. Rc3 Qd8 20. Rec1 Bxd3 21. Bxd3 Bd6 22. Qc2 g6 23. Bxd6 Qxd6 24. Bxg6 hxg6 25. Qxg6+ Ng7 26. e4 Qf4 27. exd5 Re2 28. Rf1 Rae8 29. g3 Qxd4 30. dxc6 bxc6 31. Rd3 Qe4 32. Qxe4 R8xe4 33. Rd6 Re6 34. Rd4 R2e4 35. Rxe4 Rxe4 36. Rc1 Ne6 37. Rxc6 Kf7 38. Rb6 Nc5 39. Rc6 Nd3 40. Rc2 Kg6 41. h3 Re1+ 42. Kg2 Rb1 43. Rc4 Rxb2 44. Rxa4 Rxf2+ 45. Kg1 Rb2 46. Ra8 Kf5 47. Ra4 Ke5 48. h4 Kf5 49. Kf1 1/2-1/2

[Event "SVK-chT2B 0708"]
[Site "Slovakia"]
[Date "2007.10.06"]
[Round "1.5"]
[White "Podhorsky, Martin"]
[Black "Valach, Boris"]
[Result "1/2-1/2"]
[WhiteElo "2005"]
[BlackElo "2098"]
[PlyCount "60"]
[EventDate "2007.10.06"]
[EventType "team-tourn"]
[EventRounds "11"]
[EventCountry "SVK"]
[SourceTitle "EXT 2010"]
[Source "ChessBase"]
[SourceDate "2010.11.25"]
[SourceVersion "1"]
[SourceVersionDate "2010.11.25"]
[SourceQuality "1"]
[WhiteTeam "Topolcianky SK"]
[BlackTeam "Partizanske SK Neomax"]
[WhiteTeamCountry "SVK"]
[BlackTeamCountry "SVK"]

1. e4 e5 2. Nf3 Nc6 3. Bb5 Bc5 4. 0-0 Nd4 5. Nxd4 Bxd4 6. c3 Bb6 7. d4 c6 8. Ba4 d6 9. Kh1 Nf6 10. Bc2 0-0 11. h3 Qe7 12. Re1 Be6 13. f4 Rad8 14. Be3 Rfe8 15. Nd2 h6 16. Nf3 Bc7 17. Qd2 Bc8 18. Rad1 Qf8 19. Qf2 Nd7 20. dxe5 dxe5 21. Nxe5 Nxe5 22. Rxd8 Rxd8 23. fxe5 b6 24. Qg3 Kh8 25. Bb3 Qe7 26. Rf1 Bxe5 27. Bf4 Bxf4 28. Qxf4 f6 29. Re1 Re8 30. Qg3 Be6 1/2-1/2

[Event "SVK-chT3B 0203"]
[Site "Slovakia"]
[Date "2003.??.??"]
[Round "?"]
[White "Janko, Zoltan"]
[Black "Valach, Boris"]
[Result "1-0"]
[WhiteElo "2172"]
[BlackElo "2111"]
[PlyCount "53"]
[EventDate "2002.10.??"]
[EventType "team"]
[EventRounds "11"]
[EventCountry "SVK"]
[SourceTitle "EXT 2005"]
[Source "ChessBase"]
[SourceDate "2004.11.15"]
[SourceVersion "1"]
[SourceVersionDate "2004.11.15"]
[SourceQuality "1"]

1. e4 e5 2. f4 exf4 3. Bc4 Nf6 4. Nc3 c6 5. Bb3 d5 6. exd5 Nxd5 7. Nf3 Nxc3 8. bxc3 Bd6 9. 0-0 0-0 10. d4 Bf5 11. Qe1 g5 12. Qf2 h6 13. c4 Nd7 14. c5 Bc7 15. h4 g4 16. Ne5 Nxe5 17. Bxf4 Be6 18. dxe5 Bxb3 19. cxb3 Qe7 20. Rae1 Kg7 21. Qe3 Qe6 22. Bg3 Bd8 23. Rf6 Bxf6 24. exf6+ Kg6 25. Qd3+ Qf5 26. h5+ Kg5 27. Bh4+ 1-0

[Event "SVK-chT3B 0102"]
[Site "Slovakia"]
[Date "2001.??.??"]
[Round "5"]
[White "Valach, Boris"]
[Black "Bugar, Anton"]
[Result "1-0"]
[WhiteElo "2099"]
[BlackElo "2149"]
[PlyCount "53"]
[EventDate "2001.10.??"]
[EventType "team"]
[EventRounds "9"]
[EventCountry "SVK"]
[SourceTitle "EXT 2003"]
[Source "ChessBase"]
[SourceDate "2002.11.25"]
[SourceVersion "1"]
[SourceVersionDate "2002.11.25"]
[SourceQuality "1"]

1. d4 e6 2. c4 f5 3. g3 Nf6 4. Bg2 Be7 5. Nf3 0-0 6. 0-0 Qe8 7. Nc3 a5 8. Qc2 d5 9. Bf4 c6 10. Ne5 Ne4 11. Nxe4 fxe4 12. f3 exf3 13. Bxf3 Bf6 14. e4 dxc4 15. Qxc4 b6 16. Bg4 b5 17. Qc2 Qd8 18. Rad1 Qb6 19. Kh1 Ra7 20. Nf3 Na6 21. Bd6 Rd8 22. e5 Rxd6 23. exd6 Nb4 24. Qe2 Nd5 25. Bxe6+ Bxe6 26. Qxe6+ Kf8 27. Ng5 1-0

[Event "SVK-chT3B 0001"]
[Site "Slovakia"]
[Date "2001.??.??"]
[Round "8"]
[White "Valach, Boris"]
[Black "Marko, Anton"]
[Result "1/2-1/2"]
[WhiteElo "2099"]
[BlackElo "2121"]
[PlyCount "24"]
[EventDate "2000.??.??"]
[EventType "team"]
[EventRounds "9"]
[EventCountry "SVK"]
[SourceTitle "EXT 2002"]
[Source "ChessBase"]
[SourceDate "2001.11.25"]
[SourceVersion "1"]
[SourceVersionDate "2001.11.25"]
[SourceQuality "1"]

1. d4 Nf6 2. c4 e6 3. Nf3 b6 4. g3 Bb4+ 5. Bd2 Be7 6. Bg2 Bb7 7. Nc3 0-0 8. 0-0 Ne4 9. d5 Nxd2 10. Nxd2 Qc8 11. Rc1 e5 12. e4 a5 1/2-1/2

[Event "SVK-chT1W 9798"]
[Site "Slovakia"]
[Date "1998.??.??"]
[Round "?"]
[White "Mojzis, Marcel"]
[Black "Valach, Boris"]
[Result "1/2-1/2"]
[WhiteElo "2135"]
[BlackElo "2070"]
[PlyCount "24"]
[EventDate "1997.??.??"]
[EventType "team"]
[EventRounds "11"]
[EventCountry "SVK"]
[SourceTitle "EXT 1999"]
[Source "ChessBase"]
[SourceDate "1998.11.16"]
[SourceVersion "1"]
[SourceVersionDate "1998.11.16"]
[SourceQuality "1"]

1. e4 e5 2. Nf3 Nc6 3. Bc4 Bc5 4. d4 Bxd4 5. Nxd4 Nxd4 6. Qh5 Qe7 7. Na3 Nf6 8. Qh4 d6 9. Bg5 Be6 10. Bxf6 Qxf6 11. Qxf6 gxf6 12. 0-0-0 Ke7 1/2-1/2

[Event "SVK-chT1W 9798"]
[Site "Slovakia"]
[Date "1998.??.??"]
[Round "?"]
[White "Valach, Boris"]
[Black "Sukuba, Zdeno"]
[Result "1/2-1/2"]
[WhiteElo "2070"]
[BlackElo "2180"]
[PlyCount "52"]
[EventDate "1997.??.??"]
[EventType "team"]
[EventRounds "11"]
[EventCountry "SVK"]
[SourceTitle "EXT 1999"]
[Source "ChessBase"]
[SourceDate "1998.11.16"]
[SourceVersion "1"]
[SourceVersionDate "1998.11.16"]
[SourceQuality "1"]

1. e4 c6 2. c4 d5 3. exd5 cxd5 4. cxd5 Nf6 5. Qa4+ Nbd7 6. Nc3 g6 7. Be2 Bg7 8. Bf3 0-0 9. d4 Nb6 10. Qb3 Bg4 11. Bxg4 Nxg4 12. Nge2 Qd7 13. Bf4 Rfe8 14. 0-0 Nf6 15. d6 exd6 16. Rad1 Nh5 17. Bc1 Rac8 18. Rd3 Rc4 19. Qd1 Nf6 20. Bf4 Nbd5 21. Bg5 Nxc3 22. Nxc3 Ne4 23. Nxe4 Rxe4 24. Be3 d5 25. b3 Rc6 26. Qd2 Qc7 1/2-1/2

[Event "SVK-chT1W 9798"]
[Site "Slovakia"]
[Date "1997.??.??"]
[Round "?"]
[White "Mikita, Jozef"]
[Black "Valach, Boris"]
[Result "1/2-1/2"]
[WhiteElo "2215"]
[BlackElo "2070"]
[PlyCount "91"]
[EventDate "1997.??.??"]
[EventType "team"]
[EventRounds "11"]
[EventCountry "SVK"]
[SourceTitle "EXT 1999"]
[Source "ChessBase"]
[SourceDate "1998.11.16"]
[SourceVersion "1"]
[SourceVersionDate "1998.11.16"]
[SourceQuality "1"]

1. e4 e5 2. Nf3 Nc6 3. Bb5 a6 4. Ba4 Nf6 5. 0-0 Be7 6. Qe2 b5 7. Bb3 0-0 8. c3 d6 9. Rd1 Na5 10. Bc2 c5 11. d4 Qc7 12. dxe5 dxe5 13. Nbd2 Be6 14. Ng5 Bg4 15. f3 Bd7 16. f4 h6 17. fxe5 Ng4 18. Ngf3 Nc6 19. Nf1 Be6 20. Ne3 Nxe3 21. Bxe3 Nxe5 22. Nxe5 Qxe5 23. a4 b4 24. Bf2 bxc3 25. Bg3 Qg5 26. bxc3 Bg4 27. Qc4 Bxd1 28. Rxd1 Rad8 29. Re1 h5 30. e5 Rd2 31. Be4 Qg4 32. Qxa6 Rd1 33. Bf3 Rxe1+ 34. Bxe1 Qf4 35. Qe2 h4 36. a5 Qa4 37. a6 c4 38. Bb7 Bc5+ 39. Kf1 Rd8 40. e6 fxe6 41. Qxe6+ Kh8 42. Qe5 Rf8+ 43. Bf3 Bb6 44. Qh5+ Kg8 45. Qd5+ Kh8 46. Qh5+ 1/2-1/2

[Event "SVK-ch"]
[Site "Trencin"]
[Date "1995.??.??"]
[Round "2"]
[White "Manik, Mikulas"]
[Black "Valach, Boris"]
[Result "1-0"]
[WhiteElo "2380"]
[BlackElo "2090"]
[PlyCount "80"]
[EventDate "1995.??.??"]
[EventType "swiss"]
[EventRounds "11"]
[EventCountry "SVK"]
[SourceTitle "EXT 1997"]
[Source "ChessBase"]
[SourceDate "1996.11.15"]
[SourceVersion "1"]
[SourceVersionDate "1996.11.15"]
[SourceQuality "1"]

1. e4 e5 2. Nf3 d6 3. d4 Nd7 4. Nc3 Ngf6 5. Bc4 Be7 6. 0-0 0-0 7. a4 c6 8. Qe2 Qc7 9. Ba2 b6 10. Rd1 Bb7 11. dxe5 dxe5 12. Nh4 Nc5 13. Nf5 Kh8 14. Bg5 Ne6 15. Bh4 Rfd8 16. Qe3 Ng8 17. Bxe6 fxe6 18. Nxe7 Nxe7 19. Qg5 Rxd1+ 20. Rxd1 Ng6 21. Bg3 Rf8 22. Qd2 Qf7 23. Qd6 h5 24. f3 h4 25. Bxe5 h3 26. Bg3 hxg2 27. Rd3 Ba6 28. Re3 Bf1 29. Nd1 Qf6 30. e5 Qf5 31. Qxc6 Rd8 32. Re1 Rd2 33. Ne3 Qh3 34. Ng4 Be2 35. Qxe6 Nf4 36. Bxf4 Qxf3 37. Qe8+ Kh7 38. Qh5+ Kg8 39. Nf6+ gxf6 40. Qxf3 Bxf3 1-0

[Event "SVK-ch"]
[Site "Trencin"]
[Date "1995.??.??"]
[Round "7"]
[White "Valach, Boris"]
[Black "Jelen, Peter"]
[Result "0-1"]
[WhiteElo "2090"]
[BlackElo "2105"]
[PlyCount "136"]
[EventDate "1995.??.??"]
[EventType "swiss"]
[EventRounds "11"]
[EventCountry "SVK"]
[SourceTitle "EXT 1998"]
[Source "ChessBase"]
[SourceDate "1997.11.17"]
[SourceVersion "1"]
[SourceVersionDate "1997.11.17"]
[SourceQuality "1"]

1. e4 a6 2. d4 b5 3. Bd3 Bb7 4. Nf3 Nf6 5. Qe2 e6 6. 0-0 c5 7. c3 Be7 8. Nbd2 d6 9. Re1 cxd4 10. cxd4 d5 11. e5 Nfd7 12. Nf1 Nc6 13. Ng3 h5 14. Be3 g5 15. h3 g4 16. hxg4 hxg4 17. Nh2 Bb4 18. Rec1 Qh4 19. Ngf1 Nxd4 20. Qxg4 Qxg4 21. Nxg4 Nc6 22. f4 d4 23. Bf2 Nc5 24. Nf6+ Ke7 25. Be2 Nd7 26. Bf3 Nxf6 27. exf6+ Kd7 28. Rd1 Bd6 29. Bxd4 Nxd4 30. Rxd4 Bxf3 31. gxf3 Rac8 32. Rad1 Rc6 33. Kf2 Kc7 34. Ke2 Rh6 35. Nd2 Bc5 36. Re4 Rd6 37. Rc1 Rh2+ 38. Ke1 Kb6 39. Nf1 Rxb2 40. a4 Bb4+ 41. Rxb4 Rxb4 42. axb5 axb5 43. f5 exf5 44. Ne3 f4 45. Ng4 Rc4 46. Ra1 b4 47. Ra8 Rc1+ 48. Ke2 Rcd1 49. Ra2 b3 50. Rb2 Ka5 51. Nf2 Rc1 52. Rxb3 Rc2+ 53. Ke1 Rdd2 54. Nd3 Rh2 55. Ra3+ Kb5 56. Kd1 Rcg2 57. Ne1 Rg6 58. Rb3+ Kc4 59. Rb6 Kd5 60. Ra6 Ke5 61. Nd3+ Kf5 62. Ra4 Rg1+ 63. Ne1 Rf2 64. Re4 Rxf3 65. Re7 Kxf6 66. Re4 Re3 67. Rxe3 fxe3 68. Ke2 Rxe1+ 0-1

[Event "SVK-ch"]
[Site "Trencin"]
[Date "1995.??.??"]
[Round "5"]
[White "Valach, Boris"]
[Black "Sedlakova, Ivana"]
[Result "1/2-1/2"]
[WhiteElo "2090"]
[BlackElo "2010"]
[PlyCount "33"]
[EventDate "1995.??.??"]
[EventType "swiss"]
[EventRounds "11"]
[EventCountry "SVK"]
[SourceTitle "EXT 1998"]
[Source "ChessBase"]
[SourceDate "1997.11.17"]
[SourceVersion "1"]
[SourceVersionDate "1997.11.17"]
[SourceQuality "1"]

1. e4 e6 2. Qe2 c5 3. g3 Nc6 4. Nf3 d6 5. Bg2 Nge7 6. b3 e5 7. Bb2 g6 8. 0-0 Bg7 9. d3 0-0 10. Nbd2 f5 11. Rfb1 Nd4 12. Nxd4 cxd4 13. c3 dxc3 14. Bxc3 Nc6 15. b4 f4 16. b5 Ne7 17. Bb4 1/2-1/2

[Event "Sala op"]
[Site "Sala"]
[Date "1994.??.??"]
[Round "3"]
[White "Veselsky, Jozef"]
[Black "Valach, Boris"]
[Result "1-0"]
[WhiteElo "2260"]
[BlackElo "2260"]
[PlyCount "69"]
[EventDate "1994.??.??"]
[EventType "swiss"]
[EventRounds "9"]
[EventCountry "SVK"]
[SourceTitle "EXT 1997"]
[Source "ChessBase"]
[SourceDate "1996.11.15"]
[SourceVersion "1"]
[SourceVersionDate "1996.11.15"]
[SourceQuality "1"]

1. d4 Nf6 2. Nf3 g6 3. c4 Bg7 4. Nc3 0-0 5. e4 d6 6. Be2 Nbd7 7. 0-0 e5 8. dxe5 dxe5 9. Be3 c6 10. h3 Qc7 11. Qd2 Re8 12. Rfd1 Nf8 13. Bc5 Nh5 14. Bd6 Qd8 15. Kh2 Nf4 16. Bf1 f5 17. g3 Nh5 18. c5 Qf6 19. Bc4+ Kh8 20. Re1 fxe4 21. Ng5 Ne6 22. Ncxe4 Qf5 23. g4 Qf4+ 24. Qxf4 Nhxf4 25. Nf7+ Kg8 26. Nxe5 Nd5 27. Rad1 Nef4 28. Nd3 Be6 29. Ng5 Nxd3 30. Rxd3 Bf7 31. Rxe8+ Rxe8 32. Nxf7 Kxf7 33. Rb3 b5 34. cxb6 axb6 35. Rxb6 1-0